| 000 | 01004nac a22002891u 4500 | ||
|---|---|---|---|
| 003 | OSt | ||
| 005 | 20160921130254.0 | ||
| 008 | 100725s sy|||||r|||| 001 0 ara d | ||
| 020 | _a1855131250 | ||
| 040 |
_aEG-ScBUE _bara _cEG-ScBUE |
||
| 082 |
_a210 _bن ي ه _222 |
||
| 100 |
_aالنيهوم، الصادق _916686 _d١٩٣٧-١٩٩٤م |
||
| 245 |
_a:الاسلام في الأسر _bمن سرق الجامع وأين ذهب يوم الجمعة / _cالصادق النيهوم |
||
| 246 | _aThoughts on Islam | ||
| 250 | _aط3 | ||
| 260 |
_aدمشق: _bرياض الريس للكتب والنشر ، 1995 _c1995 |
||
| 300 |
_a369 ص؛ _c22 سم |
||
| 490 | _aكتاب الناقد | ||
| 500 | _aيحتوي على كشاف | ||
| 511 | _aCatalogued by: Sara | ||
| 541 |
_aألف باء ؛ _cشراء ؛ |
||
| 650 | 0 |
_aالإسلام. _2BUEsh _913667 |
|
| 650 | 0 |
_aالإسلام والسياسة _913370 |
|
| 651 | _2BUEsh | ||
| 740 | _aThoughts on Islam | ||
| 942 |
_cBB _k210 ن ي ه _2ddc |
||
| 999 |
_c5629 _d5629 |
||